Amerindia : (notice nᵒ 1816)
[ vue normale ]
| 000 -LEADER | |
|---|---|
| fixed length control field | 01873 a2200277 4500 |
| 001 - CONTROL NUMBER | |
| control field | OB-pum-3583 |
| 003 - CONTROL NUMBER IDENTIFIER | |
| control field | FrMaCLE |
| 005 - DATE AND TIME OF LATEST TRANSACTION | |
| control field | 20251214082543.0 |
| 007 - PHYSICAL DESCRIPTION FIXED FIELD--GENERAL INFORMATION | |
| fixed length control field | cu ||||||m|||| |
| 008 - FIXED-LENGTH DATA ELEMENTS--GENERAL INFORMATION | |
| fixed length control field | 171106e||||||||xx |||||s|||||||||0|fr|d |
| 020 ## - INTERNATIONAL STANDARD BOOK NUMBER | |
| International Standard Book Number | 978-2-8218-9545-4 |
| 024 7# - OTHER STANDARD IDENTIFIER | |
| Standard number or code | 10.4000/books.pum.3583 |
| Source of number or code | doi |
| 040 ## - CATALOGING SOURCE | |
| Original cataloging agency | FR-FrMaCLE |
| 041 ## - LANGUAGE CODE | |
| Language code of text/sound track or separate title | fra |
| 100 1# - MAIN ENTRY--PERSONAL NAME | |
| Personal name | Viau, Roland |
| 245 10 - TITLE STATEMENT | |
| Title | Amerindia : |
| Remainder of title | Essais d'ethnohistoire autochtone / |
| Statement of responsibility, etc. | Roland Viau. |
| 260 ## - PUBLICATION, DISTRIBUTION, ETC. | |
| Place of publication, distribution, etc. | Montréal : |
| Name of publisher, distributor, etc. | Presses de l’Université de Montréal, |
| Date of publication, distribution, etc. | 2017. |
| 300 ## - PHYSICAL DESCRIPTION | |
| Extent | 262 p. |
| 500 ## - GENERAL NOTE | |
| General note | Ebook |
| 520 ## - SUMMARY, ETC. | |
| Summary, etc. | De nos jours, on ne défend plus l’idée que les peuples autochtones conquis et colonisés étaient sans culture ou sans histoire, tout en reconnaissant néanmoins que leur histoire était obscure et leur univers culturel opaque pour les premiers voyageurs européens. Roland Viau écrit ici la rencontre entre l’Europe et l’Amerindia en donnant la parole à l’Autre. Sa perspective est globale, proche de la world history – symbiose entre les disciplines de la mémoire : ethnologie, histoire et archéologie – et loin de la vision d’un monde façonné par le seul Occident. Sans poursuivre le procès d’intention fait aux colonisateurs de l’Amérique du Nord, l’auteur dresse un portrait saisissant des Autochtones à travers le récit de leurs traditions orales, leurs cosmologies et leurs mythes. Il nous invite à penser le monde dans sa longue durée et dans la compréhension des relations souvent conflictuelles entre les sociétés dominantes du Nord et les nations encore globalement dominées du Sud. |
| 540 ## - TERMS GOVERNING USE AND REPRODUCTION NOTE | |
| Terms governing use and reproduction | OpenEdition Books License |
| Uniform Resource Identifier | <a href="https://www.openedition.org/12554">https://www.openedition.org/12554</a> |
| 650 #4 - SUBJECT ADDED ENTRY--TOPICAL TERM | |
| Topical term or geographic name entry element | History |
| Topical term or geographic name entry element | Histoire et Sciences humaines |
| 776 ## - ADDITIONAL PHYSICAL FORM ENTRY | |
| International Standard Book Number | 978-2-7606-3583-8 |
| 856 4# - ELECTRONIC LOCATION AND ACCESS | |
| Data provenance | Viau, Roland |
| Uniform Resource Identifier | <a href="https://books.openedition.org/pum/3583">https://books.openedition.org/pum/3583</a> |
| Link text | Amerindia |
Pas d'exemplaire disponible.
